000 00399nam a2200157Ia 4500
005 20240807062424.0
008 240806s9999||||xx |||||||||||||| ||eng||
041 _aeng
082 _a891.43
_bNIRA
100 _aDikshit, Shiv Kumar
245 0 _aNirala ke nibandhon ka anusheelan /
_cDikshit, Shiv Kumar
260 _bAradhna Brothers, Kanpur-6
300 _a117
650 _aHindi
942 _cBK
999 _c18492
_d18492